Visions of Authenticity (Record no. 26389)

MARC details
000 -LEADER
fixed length control field 00736nam a2200193Ia 4500
008 - FIXED-LENGTH DATA ELEMENTS--GENERAL INFORMATION
fixed length control field 081213s9999 xx 000 0 und d
020 ## - INTERNATIONAL STANDARD BOOK NUMBER
Terms of availability 9966886974
050 ## - LIBRARY OF CONGRESS CALL NUMBER
Classification number BR1430
Item number .U88 1997
100 ## - MAIN ENTRY--PERSONAL NAME
Personal name Utuk, Efiong
245 ## - TITLE STATEMENT
Title Visions of Authenticity
Statement of responsibility, etc Efiong Utuk
260 ## - PUBLICATION, DISTRIBUTION, ETC. (IMPRINT)
Date of publication, distribution, etc 1997
300 ## - PHYSICAL DESCRIPTION
Extent ix,271 p.;
Dimensions 23cm
500 ## - GENERAL NOTE
General note Includes Bibliographical References and Index
650 ## - SUBJECT ADDED ENTRY--TOPICAL TERM
Topical term or geographic name as entry element Theology
Source of heading or term Doctrinal
700 ## - ADDED ENTRY--PERSONAL NAME
Personal name Utuk, Efiong
942 ## - ADDED ENTRY ELEMENTS (KOHA)
Item type Book
Source of classification or shelving scheme Library of Congress Classification
Holdings
Withdrawn status Lost status Source of classification or shelving scheme Damaged status Not for loan Collection code Home library Current library Shelving location Date acquired Total Checkouts Full call number Barcode Date last borrowed Price effective from Koha item type Copy number Source of acquisition
    Library of Congress Classification     Non-fiction Bishop Okullu Memorial Library (Limuru Campus) Bishop Okullu Memorial Library (Limuru Campus) General Circulation 15/12/2008 1 BR1430.U88 1997 007245 26/09/2020 15/12/2008 Book    
    Library of Congress Classification     Non-fiction Bishop Okullu Memorial Library (Limuru Campus) Bishop Okullu Memorial Library (Limuru Campus) General Circulation 27/05/2009 1 BR1430 .U88 1997 007246 11/04/2017 27/05/2009 Book 2  
    Library of Congress Classification     Non-fiction Bishop Okullu Memorial Library (Limuru Campus) Bishop Okullu Memorial Library (Limuru Campus) General Circulation 21/07/2022   BR1430 .U88 1997 025724   21/07/2022 Book 3 Donations